000 08266cam a22018374i 4500
003 PE-LiUPU
005 20250813165543.0
008 190806s2019 ag a rb 001 0 spa d
020 _a950069574X
020 _a9789500695749
035 _a(Sirsi) a252384
040 _aPE-LiUPU
_bspa
_cPE-LiUPU
_erda
049 _aPRUA
082 0 4 _a610.7361
_bE5
_220
245 0 0 _aEnfermería en cuidados intensivos :
_bprácticas integradoras /
_cdirectoras, Renata Andréa Pietro Pereira Viana, Cecilia Mariana Torre.
250 _a1ra edición.
264 1 _aBuenos Aires :
_bMédica Panamericana,
_c2019.
300 _axxi, 745 páginas :
_bilustraciones ;
_c28 centímetros
336 _atext
_2rdacontent
337 _aunmediated
_2rdamedia
338 _avolume
_2rdacarrier
504 _aBibliografía al final de cada capítulo.
504 _aÍndice: páginas 731-745.
505 0 _aGestión por competencias, habilidades y actitudes -- Unidad de cuidados intensivos: planta física, organización y administración de recursos humanos y materiales -- Impacto de la incorporación de nuevas tecnologías en la asistencia de enfermería -- Medicina complementaria y alternativa: implementación y rol de enfermería -- Prácticas basadas en las competencias -- Gestión de conflictos: transformación de conflictos en oportunidades -- Sufrimiento moral del enfermero en el ambiente de cuidados intensivos -- Formación y titulación del enfermero intensivista en Latinoamérica -- Posgrado y título de especialista: incorporación de conocimientos a la práctica del intensivista -- Educación permanente en cuidados intensivos -- Significado cultural de los cuidados y la práctica humanizada -- Acompañamiento familiar y soporte emocional al paciente, los familiares y el equipo multiprofesional -- Seguridad y calidad -- Estrategias para promover la seguridad -- Indicadores de calidad y gerenciamiento -- Alarmas clínicas: implicancias de la fatiga de las alarmas -- Sistematización de la asistencia de enfermería (SAE) -- Carga de trabajo y nursing activities score (NAS) -- Pase de guardia: optimizando el rendimiento del equipo -- Pase de sala: paradigmas y estrategias para una comunicación efectiva -- Síndrome de desgaste profesional (burnout): la enfermedad por agotamiento profesional -- Pericia en cuidados intensivos -- Directrices para admisión, triaje y alta -- Visita multidisciplinaria a la cabecera del paciente -- Traslado intrahospitalario y intrahospitalario -- Equipos de respuesta rápida proactiva -- Analgesia, sedación y delirio en el paciente crítico -- Adecuación ante el esfuerzo terapéutico -- Donante potencial de órganos y tejidos -- Cuidados paliativos -- El saber y el hacer en cuidados paliativos -- Síndrome poscuidados intensivos: alteración posteriores a la enfermedad crítica -- Optimización de la asistente de enfermería -- El baño en cama y sus repercusiones fisiológicas -- Salud bucal: el impacto de la higiene oral -- Manejo del balance hídrico -- Desequilibrio hidroelectrolítico y del estado ácido-base -- Mediación de la presión intraabdominal -- Control glucémico y terapia insulínica -- Acciones para el tratamiento de heridas y la prevención de lesiones -- Deambulación y prevención de la debilidad adquirida -- Soporte y mantenimiento nutricional -- Gastroparesia, estreñimiento y diarrea en el paciente crítico -- Infusión de hemoderivados -- Monitorización invasiva -- Monitorización mínimamente invasiva -- Accesos vasculares periféricos guiados por ecografía -- Dispositivos invasivos -- Principales indicaciones para el uso de tubos, sondas, drenajes y catéteres -- Efectos de la privación del sueño en la unidad de cuidados intensivos -- Asistencia centrada en el aparato respiratorio y las vías aéreas -- Recomendaciones para el cuidado del paciente en ventilación mecánica -- Asistencia y cuidado en la ventilación mecánica invasiva -- Asistencia y cuidados en la ventilación mecánica no invasiva -- Prevención de la neumonía asociada a la ventilación mecánica -- Síndrome de dificultad respiratoria aguda: estrategias y cuidados de la ventilación en decúbito prono -- Aparato respiratorio: trastornos y cuidados -- Asistencia en la reanimación cardiopulmonar -- Atención en el paro cardíaco y las reanimación cardiopulmonar -- Cuidados posreanimación -- Hipotermia terapéutica -- Síndrome coronario agudo -- Asistencia y abordajes específicos -- Prevención y control de infecciones -- Sepsis: conceptos y cuidados -- Paciente neurocrítico: conceptos y cuidados -- Posoperatorio de cirugía neurológica -- Posoperatorio de cirugía cardíaca -- Posoperatorio de cirugía mayor -- Posoperatorio de trasplante y tratamiento inmunosupresor -- Paciente renal: conceptos y cuidados -- Sistemas hematológico e inmunológico: conceptos y cuidados Pacientes con lesión traumática Paciente con lesión traumática -- Paciente obstetricia crítica -- Paciente con obesidad mórbida -- Paciente quemado -- Paciente adulto mayor.
526 _aP203
526 _aP200
526 _aSEG65
526 _aSEG64
526 _aSEG63
526 _aSEG62
526 _aSEG61
526 _aSEG60
526 _aSEG59
526 _aSEG58
526 _aSEG57
526 _aSEG56
526 _aSEG55
526 _aSEG54
526 _aSEG53
526 _aSEG52
526 _aSEG51
526 _aSEG50
526 _aSEG49
526 _aSEG48
526 _aSEG47
526 _aSEG46
526 _aSEG24
526 _aSEG23
526 _aSEG22
526 _aSEG21
526 _aSEG20
526 _aSEG19
526 _aSEG18
526 _aSEG17
526 _aSEG16
526 _aSEG14
526 _aSEG13
526 _aSEG12
526 _aSEG11
526 _aSEG10
526 _aSEG09
526 _aSEG06
526 _aSEG05
526 _aSEG04
526 _aSEG03
526 _aSEG02
526 _aSEG68
526 _aSEG66
526 _aSEG45
526 _aSEG25
526 _aSEG01
526 _aP163
526 _aP162
526 _aP161
526 _aP160
526 _aP159
526 _aP158
526 _aP157
526 _aP156
526 _aP155
526 _aP154
526 _aP153
526 _aP152
526 _aP151
526 _aP150
526 _aP149
526 _aP142
526 _aP141
526 _aP140
526 _aP139
526 _aP138
526 _aP137
526 _aP132
526 _aP131
526 _aP130
526 _aP126
526 _aP125
526 _aP124
526 _aP123
526 _aP115
526 _aP122
526 _aP121
526 _aP116
526 _a P114
526 _aP112
526 _aP111
526 _aP104
526 _aP103
526 _aP102
526 _aP101
526 _aP100
526 _aP96
526 _aP95
526 _aP93
526 _aP92
526 _aP91
526 _aP88
526 _aP83
526 _aP82
526 _aP79
526 _aP78
526 _aP75
526 _aP74
526 _aP71
526 _aP69
526 _a P51
526 _aP49
526 _aP48
526 _aP47
526 _aP33
526 _aP31
526 _a P30
526 _aP29
526 _aP27
526 _aP26
526 _aP25
526 _aP24
526 _a P22
526 _aP10
526 _aP09
526 _a P08
526 _aP06
526 _aP05
526 _aP04
526 _aP01
541 _gE001-8;
650 0 4 _aEnfermería.
_93122
650 0 4 _aCuidados intensivos.
_91942
700 1 _aPietro Pereira Viana, Renata Andréa,
_edirectora.
700 1 _aTorre, Cecilia Mariana,
_edirectora.
910 _abgr
_bjpc
_cjpc
_d20190806
942 _2ddc
_cBOOK
994 _aC0
_bPEPRU
596 _a1
999 _a610.7361 E5 2019
_wDEWEY
_c31607
_i80428
_f2021-11-3
_g3
_lCCODEBUL1
_mBUL
_p52.00
_r0
_sY
_tBOOK
_u2019-8-6
_xSALUD
_PP22
_0COMPRA
_1FCOMPR3
_o.STAFF. Colección Ciencias de la Salud
_d31607
980 _81
_gALBERTO SANCHEZ Responsable de Automatización